Histoire par lettre - C - Statistiques

Statistiques générales
  • Ce quiz a été pris 177 fois
  • Le résultat moyen est 11 sur 15
Statistiques - réponses
Questions Réponses % Correct
Quel roi de France est devenu empereur en l'an 800 ? Charlemagne
95%
Quelle dynastie a été créée par Hugues Capet en 987 ? Capétien
92%
Quel prénom portait le Roi de France de 1824 à 1830 ? Charles
91%
Quel génois a posé le pied sur l'île de Guanahani, renommée San Salvador par la suite ? Christophe Colomb
91%
Quel révolutionnaire cubain a été au pouvoir de 1959 à 2008 ? Fidel Castro
87%
Qui est le premier roi mérovingien ? Clovis
83%
De quelle dynastie ce même roi faisait-il partie ? Carolingiens
72%
Quelle péninsule asiatique a connu une guerre de 1950 à 1953 ? Corée
69%
Quelle ville française est connue pour son bagne, ouvert de 1852 à 1946 ? Cayenne
68%
Quel terme marque l'occupation d'un espace étranger marquée par l'exploitation des ressources naturelles ? Colonisation
64%
Quel théologien français du XVIème siècle est connu pour son soutien à la réforme protestante ? Jean Calvin
61%
Quel conquistador espagnol est considéré comme le principal artisan de la fin de l'Empire Aztèque ? Hernan Cortés
58%
Autre de nom de l'espagnol, quelle est la langue officielle de l'Espagne ? Castillan
57%
Quel terme est utilisé pour qualifier un insurgé royaliste de l'Ouest de la France pendant la Révolution Française ? Chouan
36%
Quel général du 1er empire a laissé son nom à un juron, celui-ci utilisé lors de la défaite française face à l'armée britannique du Duc de Wellington ? Pierre Cambronne
27%
Aucun quiz correspondant
Distribution des résultats
% des personnes avec chaque résultat
Percentile par nombre de réponses
Votre historique - résultats
Vous n’avez pas pris ce quiz